Mucho que ver cerca de Barcelona = A lot to see near Barcelona
Descripción Física:
1 f. plegat : il. col., fot., map. ; 26 x 20 cm
MARC
| LEADER | 00000nam a2200000Ia 4500 | ||
|---|---|---|---|
| 001 | 20797 | ||
| 008 | 160829s2006 xx 000 0 cat d | ||
| 080 | |a FU-14-63 | ||
| 245 | |a Mucho que ver cerca de Barcelona = A lot to see near Barcelona | ||
| 260 | |a Barcelona : |b Diputació de Barcelona. Oficina de Promoció Turística, |c 2006 | ||
| 300 | |a 1 f. plegat : |b il. col., fot., map. ; |c 26 x 20 cm | ||
| 590 | |a Conté un mapa de la zona. | ||
| 590 | |a A la portada: Turisme Total. | ||
| 590 | |a Text en castellà i anglès. | ||
| 590 | |a Hi ha un altre exemplar en català - francès amb R. 18089 i italià - alemany amb R. 20798 | ||
| 650 | 0 | |a Turisme |z Barcelona (Província) |v Guies |9 31526 | |
| 651 | 0 | |a Barcelona (Catalunya : Província) |v Guies |9 52676 | |
| 710 | 1 | |a Barcelona (Catalunya : Província). |b Oficina de Promoció Turística |9 51402 | |
| 901 | |a Arxiu | ||
| 942 | |n 1 | ||
| 952 | |0 0 |1 0 |4 0 |6 FU1463 |7 1 |9 49897 |a Arxiu |b Arxiu |d 2016-12-01 |l 0 |o FU-14-63 |p 20797 |r 2016-12-01 00:00:00 |w 2016-12-01 |y ARXIU | ||
| 999 | |c 53739 |d 53739 | ||